Statistics for Random Trivia

Click here to take the quiz!

General Stats

  • This quiz has been taken 46 times
  • The average score is 9 of 15

Answer Stats

HintAnswer% Correct
Largest country by land areaRussia
97%
Colour result when mixing blue and redpurple
92%
Capital city of CanadaOttawa
82%
Disney movie featuring Iago and JafarAladdin
74%
Mother of William and HarryPrincess Diana
69%
"Let it go! Let it go! Can't hold it back ________"anymore
67%
TV Show featuring Dr. Bailey and Dr. GreyGrey's Anatomy
67%
Largest of the Great LakesLake Superior
67%
French fries, gravy and cheese curdspoutine
56%
Scooter's prodigy who sang "Baby"Justin Bieber
51%
Something you shouldn't cry overSpilt milk
51%
A drink with jam and breadtea
49%
National animal of Canadabeaver
31%
Georges Seurat's stylepointillism
13%
Gift on the 6th day of ChristmasSix geese a-laying
8%

Score Distribution

Percentile by Number Answered

Percent of People with Each Score

Your Score History

You have not taken this quiz